| 000 | 00359nam a2200133Ia 4500 | ||
|---|---|---|---|
| 005 | 20260328101521.0 | ||
| 008 | 260328s9999||||xx |||||||||||||| ||und|| | ||
| 100 | _aSánchez Laws, Ana Luisa | ||
| 245 | 0 |
_aPanamánian museums and Histórical memory / _cAna Luisa Sánchez Laws |
|
| 260 | _bBergham Books | ||
| 300 | _a133 p. | ||
| 650 | _aHISTORIA | ||
| 942 | _cBK | ||
| 999 |
_c9609 _d9609 |
||